000 00791nam a2200265Ia 4500
005 20260302115950.0
008 008 260114s9999 xx 000 0 eng d
020 _a9781509923694
037 _aTextbook
040 _aCRL
040 _beng
040 _cCRL
041 _2eng
041 _aeng
084 _qCRL
100 _aKoen Lenaerts, Jean-Claude Bonichot, Heikki Kanninen, Caroline Naômé and Pekka Pohjankoski
_91123213
245 3 _aAn Ever-Changing Union? Perspectives on the Future of EU Law in Honour of Allan Rosas
260 _bBloomsbury
260 _bHart Publishing
260 _c2019
650 _aLaw
856 _uhttps://dx.doi.org/10.5040/9781509923694?locatt=label:secondary_bloomsburyCollections
942 _cEBOOK
999 _c1688088
_d1688088